| 000 | 00444nam a2200193Ia 4500 | ||
|---|---|---|---|
| 003 | OSt | ||
| 005 | 20251118151343.0 | ||
| 008 | 250729s1981 xx 000 0 und d | ||
| 020 | _a978-0895050595 | ||
| 040 | _cAL | ||
| 041 | _aeng | ||
| 082 | _a158.1 OLEP | ||
| 100 |
_aOleksy Walter G _9224504 |
||
| 245 | _aThe power of concentration | ||
| 260 |
_aTexas _c1981 |
||
| 300 | _a194p | ||
| 650 |
_aPsychology _9224505 |
||
| 942 |
_2ddc _cBED |
||
| 999 |
_c236443 _d236443 |
||